Освещение промышленных предприятий. Кн. 3 (Запись № 13620038)
[ простой вид ]
| 000 -МАРКЕР | |
|---|---|
| контрольное поле | 09213nam2a2200517 4500 |
| 001 - ИДЕНТИФИКАТОР ЗАПИСИ | |
| контрольное поле | rc\3025144 |
| 005 - ИДЕНТИФИКАТОР ВЕРСИИ | |
| контрольное поле | 20260315064857.0 |
| 035 ## - ДРУГИЕ СИСТЕМНЫЕ НОМЕРА | |
| Идентификатор записи | (NLR Aleph) 007166607 |
| 100 ## - ДАННЫЕ ОБЩЕЙ ОБРАБОТКИ | |
| Данные общей обработки | 20110929d1936 u y0rusy50 ca |
| 101 0# - ЯЗЫК РЕСУРСА | |
| Язык текста, звукозаписи и т.д. | русский |
| 102 ## - СТРАНА ПУБЛИКАЦИИ ИЛИ ПРОИЗВОДСТВА | |
| Страна публикации | Российская Федерация |
| 105 ## - ПОЛЕ КОДИРОВАННЫХ ДАННЫХ: ТЕКСТОВЫЕ МАТЕРИАЛЫ, МОНОГРАФИЧЕСКИЕ | |
| Кодированные данные о монографическом текстовом документе | a z ||||| |
| 200 0# - ЗАГЛАВИЕ И СВЕДЕНИЯ ОБ ОТВЕТСТВЕННОСТИ | |
| Основное заглавие | Кн. 3 |
| Сведения, относящиеся к заглавию | [Сборник статей] |
| 210 ## - ПУБЛИКАЦИЯ, РАСПРОСТРАНЕНИЕ И ДР. | |
| Дата издания, распространения и т.д. | 1936 |
| 215 ## - ФИЗИЧЕСКАЯ ХАРАКТЕРИСТИКА | |
| Специфическое обозначение материала и объем | Обл., 186 с., 2 вкл. л. табл., моногр. |
| Другие сведения о физической характеристике | ил., табл., моногр. |
| Размеры | 25х17 см |
| 225 1# - СЕРИЯ | |
| Основное заглавие серии | Труды и материалы |
| Сведения об ответственности | Ленингр. ин-т орг. и охраны труда ВЦСПС и Всесоюз. науч. инженер.-техн. о-во энергетики и электросвязи |
| -- | Под общ. ред. дир. Ин-та проф. С. Г. Шмерлинга |
| Обозначение тома | Т. 12. Вып. 13 |
| 225 1# - СЕРИЯ | |
| Основное заглавие серии | Труды Светотехнического отдела ЛИООТ |
| Обозначение тома | Книга 3 |
| 225 1# - СЕРИЯ | |
| Основное заглавие серии | Труды Светотехнической секции ВНИТО-Э |
| Обозначение тома | Выпуск 4 |
| 300 ## - ОБЩИЕ ПРИМЕЧАНИЯ | |
| Текст примечания | Резюме на англ. яз. |
| 300 ## - ОБЩИЕ ПРИМЕЧАНИЯ | |
| Текст примечания | Описано по обл. На тит. л.: "Труды Светотехнического отдела ЛИООТ (книга III) и Светотехнической секции ВНИТО-Э (выпуск IV)" |
| 320 ## - ПРИМЕЧАНИЯ О НАЛИЧИИ В ДОКУМЕНТЕ БИБЛИОГРАФИИ / УКАЗАТЕЛЯ | |
| Текст примечания | Библиогр.: "Литература" в конце отд. статей |
| 327 1# - ПРИМЕЧАНИЯ О СОДЕРЖАНИИ | |
| Текст примечания | Содерж.: Сапожников Р.А. Применение изолюкс в проектировании прожекторного освещения; Сапожников Р.А. Определение формы кривой распределения света симметричного светильника; Сапожников Р.А. Современное состояние вопроса о выборе напряжения для промышленных установок электрического освещения; Кнорринг Г.М. Таблица для расчета прожекторного освещения; Кнорринг Г.М. Некоторые вопросы теории наивыгоднейшего расположения светильников; Кнорринг Г.М. Освещение жилищ; Волькенштейн А.А.-Работа со сценическими светофильтрами; Шайкевич А.С., Трумпайц Я.И. Опыт искусственного освещения ртутной газосветной лампы и механической мастерской; Болдырев Н.Г. Расчет колпаков для местного освещения; Дадиомов М.С. Освещение машинных зал; Дадиомов М.С. Расчет прожекторного освещения; Завалишин А.А., Берестенников Г.А., Трумпайц Я.И., Зильбер Д.А. Опыт рационализации искусственного освещения работ, связанных с различением мельчайших дефектов на зеркальной металлической поверхности; Ауслендер Н.Н.-Новые экспериментальные данные о времени видения; Трумпайц Я.И. Опыт исследования контрастной чувствительности в условиях малых яркостей; Волькенштейн А.А. Экономика естественного освещения и капитальные затраты |
| 461 #0 - УРОВЕНЬ НАБОРА | |
| Встроенное поле | 001rc\3025142 |
| -- | 2001#$aОсвещение промышленных предприятий$vКн. 3 |
| Системный номер (АБИС) связанной записи | 7303319 |
| Место публикации | Ленинград |
| Дата публикации | 1935-1940 |
| Имя издателя, распространителя и т.д. | Ленингр. ин-т орг. и охраны труда ВЦСПС |
| Заглавие | Освещение промышленных предприятий |
| Номер тома | Кн. 3 |
| 464 #0 - АНАЛИТИЧЕСКИЙ УРОВЕНЬ | |
| Встроенное поле | 2001#$aПрименение изолюкс в проектировании прожекторного освещения |
| -- | 700#1$aСапожников$bР. А.$4070 |
| Заглавие | Применение изолюкс в проектировании прожекторного освещения |
| Автор | Сапожников, Р. А. |
| 464 #0 - АНАЛИТИЧЕСКИЙ УРОВЕНЬ | |
| Встроенное поле | 2001#$aОпределение формы кривой распределения света симметричного светильника |
| -- | 700#1$aСапожников$bР. А.$4070 |
| Заглавие | Определение формы кривой распределения света симметричного светильника |
| Автор | Сапожников, Р. А. |
| 464 #0 - АНАЛИТИЧЕСКИЙ УРОВЕНЬ | |
| Встроенное поле | 2001#$aСовременное состояние вопроса о выборе напряжения для промышленных установок электрического освещения |
| -- | 700#1$aСапожников$bР. А.$4070 |
| Заглавие | Современное состояние вопроса о выборе напряжения для промышленных установок электрического освещения |
| Автор | Сапожников, Р. А. |
| 464 #0 - АНАЛИТИЧЕСКИЙ УРОВЕНЬ | |
| Встроенное поле | 2001#$aТаблица для расчета прожекторного освещения |
| -- | 700#1$aКнорринг$bГ. М.$4070 |
| Заглавие | Таблица для расчета прожекторного освещения |
| Автор | Кнорринг, Г. М. |
| 464 #0 - АНАЛИТИЧЕСКИЙ УРОВЕНЬ | |
| Встроенное поле | 2001#$aНекоторые вопросы теории наивыгоднейшего расположения светильников |
| -- | 700#1$aКнорринг$bГ. М.$4070 |
| Заглавие | Некоторые вопросы теории наивыгоднейшего расположения светильников |
| Автор | Кнорринг, Г. М. |
| 464 #0 - АНАЛИТИЧЕСКИЙ УРОВЕНЬ | |
| Встроенное поле | 2001#$aОсвещение жилищ |
| -- | 700#1$aКнорринг$bГ. М.$4070 |
| Заглавие | Освещение жилищ |
| Автор | Кнорринг, Г. М. |
| 464 #0 - АНАЛИТИЧЕСКИЙ УРОВЕНЬ | |
| Встроенное поле | 2001#$aРабота со сценическими светофильтрами |
| -- | 700#1$aВолькенштейн$bА. А.$4070 |
| Заглавие | Работа со сценическими светофильтрами |
| Автор | Волькенштейн, А. А. |
| 464 #0 - АНАЛИТИЧЕСКИЙ УРОВЕНЬ | |
| Встроенное поле | 2001#$aОпыт искусственного освещения ртутной газосветной лампы и механической мастерской |
| -- | 700#1$aШайкевич$bА. С.$4070 |
| -- | 701#1$aТрумпайц$bЯ. И.$4070 |
| Заглавие | Опыт искусственного освещения ртутной газосветной лампы и механической мастерской |
| Автор | Шайкевич, А. С. |
| 464 #0 - АНАЛИТИЧЕСКИЙ УРОВЕНЬ | |
| Встроенное поле | 2001#$aРасчет колпаков для местного освещения |
| -- | 700#1$aБолдырев$bН. Г.$4070 |
| Заглавие | Расчет колпаков для местного освещения |
| Автор | Болдырев, Н. Г. |
| 464 #0 - АНАЛИТИЧЕСКИЙ УРОВЕНЬ | |
| Встроенное поле | 2001#$aОсвещение машинных зал |
| -- | 700#1$aДадиомов$bМ. С.$4070 |
| Заглавие | Освещение машинных зал |
| Автор | Дадиомов, М. С. |
| 464 #0 - АНАЛИТИЧЕСКИЙ УРОВЕНЬ | |
| Встроенное поле | 2001#$aРасчет прожекторного освещения |
| -- | 700#1$aДадиомов$bМ. С.$4070 |
| Заглавие | Расчет прожекторного освещения |
| Автор | Дадиомов, М. С. |
| 464 #0 - АНАЛИТИЧЕСКИЙ УРОВЕНЬ | |
| Встроенное поле | 2001#$aОпыт рационализации искусственного освещения работ, связанных с различением мельчайших дефектов на зеркальной металлической поверхности |
| -- | 700#1$aЗавалишин$bА. А.$4070 |
| -- | 701#1$aЗильбер$bД. А.$4070 |
| -- | 701#1$aТрумпайц$bЯ. И.$4070 |
| -- | 701#1$aБерестенников$bГ. А.$4070 |
| Заглавие | Опыт рационализации искусственного освещения работ, связанных с различением мельчайших дефектов на зеркальной металлической поверхности |
| Автор | Завалишин, А. А. |
| 464 #0 - АНАЛИТИЧЕСКИЙ УРОВЕНЬ | |
| Встроенное поле | 2001#$aНовые экспериментальные данные о времени видения |
| -- | 700#1$aАуслендер$bН. Н.$4070 |
| Заглавие | Новые экспериментальные данные о времени видения |
| Автор | Ауслендер, Н. Н. |
| 464 #0 - АНАЛИТИЧЕСКИЙ УРОВЕНЬ | |
| Встроенное поле | 2001#$aОпыт исследования контрастной чувствительности в условиях малых яркостей |
| -- | 700#1$aТрумпайц$bЯ. И.$4070 |
| Заглавие | Опыт исследования контрастной чувствительности в условиях малых яркостей |
| Автор | Трумпайц, Я. И. |
| 464 #0 - АНАЛИТИЧЕСКИЙ УРОВЕНЬ | |
| Встроенное поле | 2001#$aЭкономика естественного освещения и капитальные затраты |
| -- | 700#1$aВолькенштейн$bА. А.$4070 |
| Заглавие | Экономика естественного освещения и капитальные затраты |
| Автор | Волькенштейн, А. А. |
| 517 00 - ДРУГИЕ ВАРИАНТЫ ЗАГЛАВИЯ | |
| Вариант заглавия | Труды Светотехнического отдела ЛИООТ (книга III) и Светотехнической секции ВНИТО-Э (выпуск IV) |
| 702 #1 - ИМЯ ЛИЦА - ВТОРИЧНАЯ ОТВЕТСТВЕННОСТЬ | |
| Начальный элемент ввода | Шмерлинг |
| Часть имени, кроме начального элемента ввода | С.Г. |
| Код отношения | Редактор |
| 801 #0 - ИСТОЧНИК ЗАПИСИ | |
| Страна | Российская Федерация |
| Организация | NLR |
| Правила каталогизации | psbo |
| 801 #1 - ИСТОЧНИК ЗАПИСИ | |
| Страна | Российская Федерация |
| Организация | ELAR |
| Источник данных | rusmarc |
| 852 ## - МЕСТОНАХОЖДЕНИЕ И ШИФР ХРАНЕНИЯ | |
| Идентификатор организации | NLR |
| Шифр хранения (Call Number) | 32-19/124(12-13) |
| 942 ## - ДОПОЛНИТЕЛЬНЫЕ ЭЛЕМЕНТЫ ЗАПИСИ (АБИС) | |
| Тип экземпляра АБИС | Неопределено |
| 980 ## - КОЛЛЕКЦИЯ | |
| Название коллекции | Национальная библиография |
Нет доступных экземпляров.